Adivinhe a música de kpop pelo título trazido para português - Statistics

Estatísticas Gerais
  • Esse quiz foi jogado 822 vezes
  • A pontuação média é 33 de 56
Estatísticas das Respostas
Música traduzida Música % Correto
Corra Run (BTS)
94%
Próximo nível Next Level (aespa)
88%
Roxo Purple (woo!ah!)
87%
Não Não Não NoNoNo (APINK)
86%
Aniversário Birthday (SOMI)
83%
Porque não? Why Not? (LOONA)
83%
Primeiro First (EVERGLOW)
81%
Eu ME (CLC)
81%
Sinal Signal (TWICE)
81%
Esquerda e direita Left & Right (Seventeen)
79%
Não me chame Don't Call Me (SHINEE)
75%
Perdedor Loser (BIG BANG)
75%
Coroa Crown (TXT)
74%
Bomba de amor LOVE BOMB (Fromis_9)
74%
Tiro de amor Love Shot (EXO)
74%
Ninguém Nobody (Wonder Girls)
74%
Melhor Better (BoA)
73%
Coração de leão Lion Heart (Girls' Generation)
73%
Minha casa My House (2PM)
73%
Mãos para cima Hands Up (Cherry Bullet)
72%
Eu sou você I am YOU (Stray Kids)
72%
Me matando KILLING ME (IKON)
72%
Ódio Hate (4MINUTE)
70%
Ataque cardíaco Heart Attack (AOA)
69%
Eu sou tão quente I'm So Hot (MOMOLAND)
69%
Rei pirata Pirate King (ATEEZ)
69%
Para cima e para baixo Up & Down (EXID)
69%
Felicidade Happiness (Red Velvet)
67%
Eu não gosto da sua namorada I Don't Like Your Girlfriend (Weki Meki)
67%
Volte para casa Come Back Home (2NE1)
66%
Rolando Rollin' (Brave Girls)
65%
Lilás LILAC (IU)
63%
Selva Jungle (CIX)
60%
Molho picante Hot Sauce (NCT DREAM)
58%
Lua cheia Full Moon (Sunmi)
57%
Lábio e quadril Lip & Hip (Hyuna)
56%
Jacaré Alligator (MONSTA X)
55%
Me pegue Catch Me (WJSN)
49%
Mirótico Mirotic (TVXQ)
47%
Como se fosse sua última vez As If It's Your Last (BLACKPINK)
45%
Caos doce Sweet Chaos (DAY6)
45%
Bêbado Atordoado Drunk-Dazed (ENHYPEN)
43%
Vida em rosa La Vie En Rose (IZ*ONE)
43%
Margarida Daisy (PENTAGON)
42%
Sem parar NONSTOP (Oh My Girl)
41%
Gelado ICY (Itzy)
39%
Suculento JUICY (Lovelyz)
33%
Olho estranho Odd Eye (Dreamcatcher)
31%
O mais cedo possível ASAP (StayC)
28%
Me marque Tag Me (@Me) (Weekly)
27%
Egoísta Egotistic (MAMAMOO)
23%
Carregar duro Hard Carry (GOT7)
22%
Estalando Snapping (CHUNG HA)
21%
Sozinho HANN (G-Idle)
18%
Hora da noite de lua Time For The Moon Night (GFRIEND)
14%
Veneno PONZONA (Purple Kiss)
1%
Nenhum quiz correspondente encontrado
Distribuição das Pontuações
Porcentagem de Pessoas com Cada Pontuação
Percentil de Números Respondidos
Sua Pontuação Histórica
Você não jogou esse quiz